000 00533nam a2200181Ia 4500
008 151018s9999 xx 000 0 und d
082 _bRBASDV29167
_a891.463
100 _aवैजयंती काळे
245 _aएकटी
250 _b1
260 _bराजेंद्र प्रकाशन ठाणे
_c1985
300 _a256
600 _aवैजयंती काळे
630 _aएकटी
700 _aवैजयंती काळे
730 _aएकटी
942 _cBOOK
999 _c1028732
_d1028729